Julio Jurenito
Guardat en:
| Autor principal: | |
|---|---|
| Format: | Llibre |
| Idioma: | espanyol |
| Publicat: |
Barcelona
Seix Barral
1971
|
| Col·lecció: | Biblioteca Breve de Bolsillo
|
| Matèries: | |
| Etiquetes: |
Afegir etiqueta
Sense etiquetes, Sigues el primer a etiquetar aquest registre!
|
MARC
| LEADER | 00000nam a2200000 a 4500 | ||
|---|---|---|---|
| 001 | UCQ7149 | ||
| 003 | CL-VaPUC | ||
| 008 | 981031e19710000SP |||||||||||||||||spa|d | ||
| 082 | 0 | 4 | |a 891.703 |b EHR |2 21 |
| 100 | 0 | |a Ehrenburg, Iliá |e author |9 420987 | |
| 245 | 1 | 0 | |a Julio Jurenito |
| 300 | |a 341 p | ||
| 942 | |c BK | ||
| 945 | |d 19981031 00:00:00 |a crobeson | ||
| 260 | |a Barcelona |b Seix Barral |c 1971 | ||
| 650 | 0 | |a Novelas rusas |9 316330 | |
| 650 | 0 | |a Literatura rusa |9 318370 | |
| 583 | |a last modification |c 19981031 00:00:00 |k Rodrigo Vera | ||
| 490 | 0 | |a Biblioteca Breve de Bolsillo | |
| 999 | |c 276910 |d 276908 | ||
| 952 | |0 0 |1 0 |4 0 |6 891_703000000000000_EHR_1971 |7 0 |8 A |9 314517 |a BIBEDU |b BIBEDU |d 2019-11-20 |i 1486993 |o 891.703 EHR 1971 |p 1486993 |r 2019-11-20 |w 2019-11-20 |y BK |k LIT | ||